Detalles MARC
| 000 -LIDER |
| fixed length control field |
01023nam a2200337 4500 |
| 001 - NÚMERO DE CONTROL |
| Identificador de número de control |
0057185 |
| 003 - IDENTIFICACDOR DE NÚMERO DE CONTROL |
| control field |
DO-SdBNP |
| 005 - DATE AND TIME OF LATEST TRANSACTION |
| control field |
20180205153913.0 |
| 007 - CAMPOS FIJOS DE DESCRIPCIÓN FÍSICA |
| fixed length control field |
0057185 |
| 008 - ELEMENTOS DE LONGITUD FIJA |
| fixed length control field |
891031s1987 sp spa |
| 015 ## - NÚMERO DENTRO DE LA BIBLIOGRAFÍA NACIONAL |
| National bibliography number |
|
| 016 7# - NO. DE CONTROL DE LA AGENCIA BIB. NACIONAL |
| Record control number |
|
| Canceled/invalid record control number |
|
| Source |
BPMSU |
| 017 ## - NÚMERO DE REGISTRO DE DERECHOS DE AUTOR |
| Copyright or legal deposit number |
|
| Assigning agency |
|
| 020 ## - ISBN |
| International Standard Book Number |
8474618584 |
| 035 ## - NÚMERO LOCAL |
| System control number |
|
| 040 ## - FUENTE DE CATALOGACIÓN |
| Agencia que crea de manera original el registro |
BPMSU |
| Idioma de catalogación |
spa |
| Agencia que realiza la transcripción |
BPMSU |
| Convenciones de la despripción |
|
| 080 #0 - NÚMERO DE CLASIFICACIÓN DECIMAL UNIVERSAL |
| Universal Decimal Classification number |
|
| 100 1# - ASIENTO PRINCIPAL -- NOMBRE PERSONAL |
| Nombre personal |
Daudet, Alphonse |
| Fechas asociadas con el nombre |
1840-1897 |
| 240 10 - TITULO UNIFORME |
| Título uniforme |
Tartarin de Tarascon |
| Idioma de una obra |
español |
| 245 10 - MENCIÓN DE TITULO |
| Título |
Tartarín de Tarascón ; Tartarín en los alpes / |
| Medio (Designación general de material) |
|
| Mención de responsabilidad |
Alphonse Daudet ; traducción de Pedro Darnell. |
| 246 13 - VARIACION DEL TÍTULO |
| Título propiamente dicho o título corto |
Tartarín en los alpes |
| 260 1# - PUBLICACIÓN, DISTRIBUCIÓN, ETC. (PIE DE IMPRENTA) |
| Lugar de publicación, distribución, etc |
Madrid : |
| Nombre del editor, distribuidor, etc. |
Club Internacional del Libro |
| Fecha de publicación, distribución, etc |
1987 |
| 300 ## - DESCRIPCIÓN FÍSICA |
| Extensión |
286 p. : |
| Otros detalles físicos |
il., |
| Dimensiones |
20 cm |
| 490 ## - MENCIÓN DE SERIES |
| Materiales especificados |
Obras maestras de la novela de aventura |
| 700 ## - ASIENTO SECUNDARIO -- NOMBRE PERSONAL |
| Nombre personal |
Darnell, Pedro, |
| Mención de responsabilidad |
tr. |
| 740 ## - ASIENTO SECUNDARIO DE TÍTULOS RELACIONADOS O ANALÍTICOS NO CONTROLADOS |
| Título analítico o relacionado no controlado |
Tartarín en los Alpes. |
| 852 ## - LOCALIZACIÓN |
| Materiales especificados |
Obras maestras de la novela de aventura |
| 942 ## - ADDED ENTRY ELEMENTS (KOHA) |
| Source of classification or shelving scheme |
Dewey Decimal Classification |
| Koha item type |
Libros |
| 945 ## - INFORMACIÓN DE PROCESAMIENTO LOCAL |
| Información de procesamiento local |
Inventariado, 2018/ YL |
| 956 ## - LOCAL ELECTRONIC LOCATION AND ACCESS (OCLC) |
| Nombre de host |
VMATEO |
| Método de acceso |
10 |
| Materiales especificados |
20160407 |
| Enlace |
BPMSU |
| Campo enlazado y núm. de secuencia |
0069 |